Missing Word: #1 Hits of 1964 Quiz Stats

 Plays Quiz Updated Jul 27, 2017

Support Sporcle.
Go Orange.
Score 0/18 Timer 03:00
0 Plays Today
Song Missing Word % Correct
The House of the _____ SunRising
95.1%
A _____ Day's NightHard
94.9%
Can't _____ Me LoveBuy
94.1%
_____ Me DoLove
92.7%
_____ of the PackLeader
90.7%
Oh, _____ WomanPretty
89.7%
_____, Dolly!Hello
89%
_____ Loves YouShe
81.6%
Rag _____Doll
81.4%
Song Missing Word % Correct
I Get _____Around
78.5%
I Feel _____Fine
74.1%
_____ See About MeCome
67.3%
There! I've _____ It AgainSaid
65%
_____ LoveBaby
62.6%
Everybody Loves _____Somebody
62.5%
A _____ Without LoveWorld
56.9%
___ LonelyMr.
38.2%
_____ of LoveChapel
29.2%

Today's Daily Dose

You're not logged in!

Compare scores with friends on all Sporcle quizzes.
OR
Log In
Forgot?

From the Vault

The Germans Have a Word for That

by MrWhiplash

The great thing about German is that if you don't have a word for something, you can just string shorter words together until you do.
Remove Ads.
Support Sporcle.
Get the best of Sporcle when you Go Orange. This ad-free experience offers more features, more stats, and more fun while also helping to support Sporcle. Thank you for becoming a member.

Show Comments

Extras

Top Quizzes Today


Score Distribution

Your Account Isn't Verified!

In order to create a playlist on Sporcle, you need to verify the email address you used during registration. Go to your Sporcle Settings to finish the process.

Report this User

Report this user for behavior that violates our Community Guidelines.

Details: